Prognose für 1997 und 1998 (Record no. 6047)

MARC details
000 -LEADER
fixed length control field 00545nam a22001937i 4500
001 - CONTROL NUMBER
control field 6482
003 - CONTROL NUMBER IDENTIFIER
control field OSt
005 - DATE AND TIME OF LATEST TRANSACTION
control field 20181116144913.0
007 - PHYSICAL DESCRIPTION FIXED FIELD--GENERAL INFORMATION
fixed length control field tu
008 - FIXED-LENGTH DATA ELEMENTS--GENERAL INFORMATION
fixed length control field 161220s1997 xxu||||| |||| 00| 0 d
024 7# - OTHER STANDARD IDENTIFIER
Standard number or code 6482
Source of number or code RID
024 7# - OTHER STANDARD IDENTIFIER
Standard number or code 6482
Source of number or code RSN (alt)
040 ## - CATALOGING SOURCE
Transcribing agency OSt
110 2# - MAIN ENTRY--CORPORATE NAME
Corporate name or jurisdiction name as entry element Österreichisches Institut für Wirtschaftsforschung (WIFO)
245 00 - TITLE STATEMENT
Title Prognose für 1997 und 1998
Remainder of title Exportgetragene Konjunktur bessert Leistungsbilanz kaum
260 ## - PUBLICATION, DISTRIBUTION, ETC.
Place of publication, distribution, etc. Wien :
Name of publisher, distributor, etc. WIFO,
Date of publication, distribution, etc. 1997.
490 ## - SERIES STATEMENT
Series statement WIFO Prognose für ...
Volume/sequential designation April 1997.
942 ## - ADDED ENTRY ELEMENTS (KOHA)
Koha item type Paper
Holdings
Withdrawn status Lost status Damaged status Not for loan Home library Current library Shelving location Date acquired Inventory number Total Checkouts Barcode Date last seen Price effective from Koha item type
        WIIW WIIW Library 08/04/2004 6482   10001978 01/26/2017 01/26/2017 Paper
The Vienna Instiute for International Economic Studies (wiiw)